Operational amplifiers and linear integrated circuits /

Dades bibliogràfiques
Autor principal: Coughlin, Robert F.
Altres autors: Driscoll, Frederick F., 1943-
Format: Llibre
Publicat: New Delhi, India : Prentice Hall ; Pearson, c2001 [first impression 2015, second impression 2016].
Edició:Sixth edition.
Matèries:
Classic Catalogue: View this record in Classic Catalogue
LEADER 03330nam a2200421 a 4500
001 0017310
003 BD-DhAAL
005 20250702171050.0
008 090507s2001 ii a 001 0 eng d
010 |a \\\00040633  
020 |a 8177587668 
020 |a 9789332550483 
020 |a 8120320964 
020 |a 0130149918 
040 |a DLC  |c DLC  |d DLC  |d BD-DhAAL 
082 0 0 |a 621.3815  |2 21 
100 1 |a Coughlin, Robert F.  |9 21841 
245 1 0 |a Operational amplifiers and linear integrated circuits /  |c Robert F. Coughlin and Frederick F. Driscoll. 
250 |a Sixth edition. 
260 |a New Delhi, India :  |b Prentice Hall ;  |b Pearson,  |c c2001 [first impression 2015, second impression 2016]. 
300 |a 557 pages,  |a xxvii, 529 pages :  |b illustrations ;  |c 25 cm 
500 |a Includes index. 
526 |a EEE  |x Nahid-Al-Masood Lectures Department of Computer Science and Engineering BRAC University Course Name : Electronic Circuits II (ECE 203) 
541 1 |e 0017310, 31909, 31910  |a A H Development Publishing House 
650 0 |a Operational amplifiers.  |9 21842 
650 0 |a Linear integrated circuits.  |9 21843 
650 0 |a Electrical engineering.  |9 42621 
700 1 |a Driscoll, Frederick F.,  |d 1943-  |9 21844 
852 4 |a Ayesha Abed Library  |c General Stacks 
942 0 0 |0 2  |2 ddc  |c BK 
999 |c 482  |d 482 
952 |0 0  |1 0  |2 ddc  |4 0  |6 621_381500000000000_COU_2006  |7 0  |9 437  |a BRACUL  |b BRACUL  |c GEN  |d 2009-05-07  |e A H Development Publishing House  |g 590.00  |l 21  |m 146  |o 621.3815 COU  |p 3010017311  |r 2020-01-01  |s 2019-09-25  |t 2  |v 1180.00  |w 2009-05-07  |y BK  |x Requisitioned by Nahid-Al-Masood (Lectures) for the course named - "Electronic Circuits II (ECE 203)". 
952 |0 0  |1 0  |2 ddc  |4 0  |6 621_381500000000000_COU  |7 0  |9 13188  |a BRACUL  |b BRACUL  |c GEN  |d 2010-11-07  |e A H Development Publishing House  |g 590.00  |l 19  |m 138  |o 621.3815 COU  |p 3010017312  |r 2020-01-13  |s 2019-09-30  |t 3  |w 2010-11-07  |y BK  |x Requisitioned by Nahid-Al-Masood (Lectures) for the course named - "Electronic Circuits II (ECE 203)" 
952 |0 0  |1 0  |2 ddc  |4 0  |6 621_381500000000000_COU  |7 0  |9 13664  |a BRACUL  |b BRACUL  |c CIR  |d 2010-12-21  |e A H Development Publishing House  |g 590.00  |l 21  |m 98  |o 621.3815 COU  |p 3010017310  |r 2017-03-01  |s 2017-01-24  |t 1  |w 2010-12-21  |y 1HOUR  |x Requisitioned by Nahid-Al-Masood (Lectures) for the course named - "Electronic Circuits II (ECE 203)". 
952 |0 0  |1 1  |2 ddc  |4 0  |6 621_381500000000000_COU  |7 0  |9 59984  |a BRACUL  |b BRACUL  |d 2017-02-06  |e A H Development Publishing House  |g 590.00  |l 0  |o 621.3815 COU  |p 3010017313  |r 2017-02-06  |t 4  |w 2017-02-06  |y BK  |x Requisitioned by Nahid-Al-Masood (Lectures) for the course named - "Electronic Circuits II (ECE 203)" 
952 |0 0  |1 0  |2 ddc  |4 0  |6 621_381500000000000_COU  |7 0  |9 59985  |a BRACUL  |b BRACUL  |c GEN  |d 2017-02-06  |e A H Development Publishing House  |g 590.00  |l 1  |m 10  |o 621.3815 COU  |p 3010017314  |r 2025-02-10  |s 2024-11-12  |t 5  |w 2017-02-06  |y BK  |x Requisitioned by Nahid-Al-Masood (Lectures) for the course named - "Electronic Circuits II (ECE 203)" 
952 |0 0  |1 0  |2 ddc  |4 0  |6 621_381500000000000_COU  |7 0  |9 60929  |a BRACUL  |b BRACUL  |c GEN  |d 2017-07-23  |e Karim International  |g 1150.00  |l 6  |m 30  |o 621.3815 COU  |p 3010031909  |q 2026-06-02  |r 2026-05-19  |s 2026-05-19  |t 6  |v 1150.00  |w 2017-07-23  |y BK 
952 |0 0  |1 0  |2 ddc  |4 0  |6 621_381500000000000_COU  |7 0  |9 60930  |a BRACUL  |b BRACUL  |c GEN  |d 2017-07-23  |e Karim International  |g 1150.00  |l 3  |m 22  |o 621.3815 COU  |p 3010031910  |r 2025-05-26  |s 2025-04-09  |t 7  |v 1150.00  |w 2017-07-23  |y BK